| 000 | 01401cam a2200277 4500 | ||
|---|---|---|---|
| 001 | ABS63444 | ||
| 008 | 000000n2001 000 0 eng u | ||
| 035 | _a(Sirsi) u110624 | ||
| 100 | _aMadeley, N. | ||
| 245 | _aAdvice on shop work | ||
| 260 | _c2001 | ||
| 490 |
_aEstates Gazette _v(0102) 13 January 2001, 142-144(3) |
||
| 520 | _aHighlights some of the issues that should be considered by landlords considering the creation of a new store or stores from existing units or common areas in shopping centres. These include: whether or not the landlord has the right to carry out such works; if these would interfere with the tenants' reserved rights; if they would adversely affect other tenants' business and how; and the need to obtain possession, even where the tenant is insolvent. Concludes that landlords must pay utmost attention to the tenants' needs in order to meet the obligations that are implicit in the relationship between landlord and tenant. Refers to recent case law throughout. | ||
| 590 | _aABS | ||
| 650 | _aALTERATIONS | ||
| 650 | _aCASE LAW | ||
| 650 | _aENLARGEMENT | ||
| 650 | _aLANDLORDS OBLIGATIONS | ||
| 650 | _aBUILT ENVIRONMENT-BUILDING MAINTENANCE AND REFURBISHMENT | ||
| 650 | _aRETAIL UNITS | ||
| 650 | _aSHOPPING CENTRES | ||
| 650 | _aTENANTS' RIGHTS | ||
| 690 | _aLANDLORD AND TENANT-BUSINESS TENANCIES | ||
| 700 | _aBoulton, A. | ||
| 942 | _n0 | ||
| 999 |
_c65921 _d65921 |
||